000 00765cam a2200217 a 4500
001 000019524
005 20200929170039.0
008 750417s1960 ag 000 e spa d
040 _aDO-SdBNP
_bspa
_cBNPHU
082 _a860.9
_bM542e
100 1 _aMenéndez Pidal, Ramón,
_d1869-1968.
_93902
245 1 4 _aLos españoles en la literatura /
_cRamón Menéndez Pidal.
260 _aBuenos Aires, (Argentina) :
_bEspasa-Calpe Argentina,
_c1960.
300 _a145, [12] p. ;
_c18 cm.
490 1 _aAustral. Ensayos y filosofía
_v1271
650 4 _aLiteratura española
_xHistoria y crítica
_93904
650 4 _aEnsayos españoles
_93095
830 0 _aAustral :
_pEnsayos y filosofía,
_v1271
_941590
910 _aValidado. Control de calidad BNPHU
049 _aBNGR
999 _c19040
_d19040